[Event "I Memorial Vanderley Cason Melo"]
[Site "Campinas BRA"]
[Date "2010.01.23"]
[Round "12.7"]
[White "Matsuura, Everaldo"]
[Black "Flores, Diego"]
[Result "1/2-1/2"]
[WhiteElo "2467"]
[BlackElo "2599"]
[PlyCount "95"]
[EventDate "2010.01.16"]
[EventType "tourn"]
[EventRounds "1"]
[EventCountry "BRA"]
[EventCategory "8"]
[Source "lmi"]
[SourceDate "2010.01.16"]

1. e4 c5 2. Nf3 e6 3. d4 cxd4 4. Nxd4 a6 5. Bd3 Bc5 6. Nb3 Be7 7. O-O d6 8. c4
Nf6 9. Nc3 Qc7 10. Qe2 O-O 11. f4 Nc6 12. Be3 Nb4 13. Bb1 b5 14. cxb5 axb5 15.
a3 Nc6 16. Nxb5 Qb7 17. Bd3 Bd7 18. e5 dxe5 19. Nc5 Bxc5 20. Bxc5 e4 21. Bc2
Ra5 22. a4 Rfa8 23. Rad1 Na7 24. Nd6 Qc7 25. b4 Bxa4 26. Nxe4 Rxc5 27. bxc5
Bxc2 28. Nxf6+ gxf6 29. Qxc2 Rc8 30. Rc1 Nc6 31. Qc3 f5 32. Qg3+ Kf8 33. Rfd1
Ne7 34. Qf3 Qa5 35. Qe3 Nd5 36. Qd4 Ke7 37. Re1 Rd8 38. Red1 Qc7 39. g3 h5 40.
Qe5 Qc6 41. Qd4 h4 42. Rd2 hxg3 43. hxg3 Rg8 44. Rd3 Ra8 45. Re1 Rd8 46. Rc1
Ra8 47. Re1 Rd8 48. Rc1 1/2-1/2

[Event "I Memorial Vanderley Cason Melo"]
[Site "Campinas BRA"]
[Date "2010.01.24"]
[Round "13.1"]
[White "Flores, Diego"]
[Black "Santos, Marcus Vinicius M"]
[Result "1-0"]
[WhiteElo "2599"]
[BlackElo "2394"]
[PlyCount "79"]
[EventDate "2010.01.16"]
[EventType "tourn"]
[EventRounds "1"]
[EventCountry "BRA"]
[EventCategory "8"]
[Source "lmi"]
[SourceDate "2010.01.16"]

1. c4 c5 2. Nf3 Nf6 3. g3 g6 4. Bg2 Bg7 5. Nc3 Nc6 6. d4 cxd4 7. Nxd4 O-O 8.
O-O Nxd4 9. Qxd4 d6 10. Qd2 a6 11. b3 Rb8 12. Bb2 b5 13. cxb5 axb5 14. e4 Bb7
15. Nd5 Bxd5 16. exd5 b4 17. Rfe1 Re8 18. Rac1 Nd7 19. Bxg7 Kxg7 20. Rc4 Qa5
21. a4 Nf6 22. h3 Rb7 23. Kh2 Reb8 24. Qd4 Qa7 25. Qd2 Rc7 26. Rec1 Rxc4 27.
Rxc4 Qb6 28. Rc6 Qa5 29. Qd4 Kg8 30. f4 Nd7 31. Bf1 Nc5 32. Bc4 Qd8 33. h4 Ra8
34. Kg2 Rb8 35. Qe3 Kg7 36. Qe1 f6 37. a5 Qd7 38. a6 e5 39. fxe5 fxe5 40. Rxc5
1-0

[Event "I Memorial Vanderley Cason Melo"]
[Site "Campinas BRA"]
[Date "2010.01.24"]
[Round "13.3"]
[White "Saldaño Dayer, Horacio"]
[Black "Name, Gabriel Ricardo S"]
[Result "1-0"]
[WhiteElo "2415"]
[BlackElo "2170"]
[PlyCount "73"]
[EventDate "2010.01.16"]
[EventType "tourn"]
[EventRounds "1"]
[EventCountry "BRA"]
[EventCategory "8"]
[Source "lmi"]
[SourceDate "2010.01.16"]

1. e4 c6 2. d4 d5 3. Nd2 dxe4 4. Nxe4 Nd7 5. Bd3 Ngf6 6. Ng5 e6 7. N1f3 Bd6 8.
Qe2 Nb6 9. O-O h6 10. Ne4 Nxe4 11. Qxe4 Nd5 12. c4 Nf6 13. Qe2 b6 14. Ne5 Qc7
15. Bf4 c5 16. dxc5 bxc5 17. Rad1 O-O 18. Bg3 Bb7 19. Ng4 Ne8 20. Bxd6 Nxd6 21.
Qe5 Rfd8 22. Qg3 Kf8 23. Bc2 Qb6 24. b3 a5 25. Ne5 Kg8 26. Qf4 Qc7 27. Rd2 Ne8
28. Rfd1 f6 29. Rd7 Rxd7 30. Rxd7 Qb8 31. Ng6 Qxf4 32. Nxf4 Bc6 33. Re7 Rd8 34.
h4 Rd2 35. Bg6 Kf8 36. Rf7+ Kg8 37. Nxe6 1-0

[Event "I Memorial Vanderley Cason Melo"]
[Site "Campinas BRA"]
[Date "2010.01.24"]
[Round "13.4"]
[White "Mareco, Sandro"]
[Black "Zambrana, Oswaldo"]
[Result "1/2-1/2"]
[WhiteElo "2526"]
[BlackElo "2481"]
[PlyCount "73"]
[EventDate "2010.01.16"]
[EventType "tourn"]
[EventRounds "1"]
[EventCountry "BRA"]
[EventCategory "8"]
[Source "lmi"]
[SourceDate "2010.01.16"]

1. d4 Nf6 2. c4 c5 3. d5 e6 4. Nc3 exd5 5. cxd5 d6 6. Nf3 g6 7. Nd2 Nbd7 8. e4
a6 9. a4 Bg7 10. Be2 O-O 11. O-O Re8 12. Re1 Rb8 13. Qc2 Nh5 14. Nf1 Qf6 15. g3
Qe7 16. Ne3 Bd4 17. Qd1 Ng7 18. Nc2 Qf6 19. Nxd4 cxd4 20. e5 Qxe5 21. Bf4 Qf6
22. Nb1 g5 23. Bc1 Ne5 24. Nd2 Bf5 25. Bf1 Nd3 26. Rxe8+ Rxe8 27. Nf3 Nxc1 28.
Rxc1 d3 29. Rc3 Be4 30. Nd2 Bxd5 31. Rxd3 Bc6 32. Bg2 Bxg2 33. Kxg2 Qxb2 34.
Nc4 Qe2 35. Qxe2 Rxe2 36. Nxd6 Rb2 37. Nxb7 1/2-1/2

[Event "I Memorial Vanderley Cason Melo"]
[Site "Campinas BRA"]
[Date "2010.01.24"]
[Round "13.5"]
[White "El Debs, Felipe de Cresce"]
[Black "De Nucci, Gilberto"]
[Result "1-0"]
[WhiteElo "2480"]
[BlackElo "2073"]
[PlyCount "79"]
[EventDate "2010.01.16"]
[EventType "tourn"]
[EventRounds "1"]
[EventCountry "BRA"]
[EventCategory "8"]
[Source "lmi"]
[SourceDate "2010.01.16"]

1. Nf3 Nf6 2. c4 c5 3. Nc3 e6 4. g3 b6 5. Bg2 Bb7 6. O-O Be7 7. d4 cxd4 8. Qxd4
d6 9. Bg5 O-O 10. Bxf6 Bxf6 11. Qf4 a6 12. Rfd1 Be7 13. Ne4 Bxe4 14. Qxe4 Ra7
15. Nd4 Qc8 16. b3 Re8 17. e3 Qc5 18. Rac1 Rd7 19. Qb1 a5 20. Rc2 Red8 21. Rcd2
Qa3 22. Be4 h6 23. h4 Qc5 24. Bg2 Qe5 25. Qd3 Qc5 26. Qe2 Re8 27. Qg4 Bf6 28.
Be4 Qe5 29. Rd3 Rc8 30. Bg2 a4 31. Qe2 Qc5 32. Nb5 Be7 33. Qd2 Rcd8 34. Nd4 Ra7
35. Rc1 axb3 36. axb3 Qa5 37. b4 Qa2 38. Qd1 Qa4 39. Rb3 Qa2 40. Nb5 1-0

[Event "I Memorial Vanderley Cason Melo"]
[Site "Campinas BRA"]
[Date "2010.01.24"]
[Round "13.6"]
[White "Rodriguez Vila, Andres"]
[Black "Leitao, Rafael"]
[Result "1/2-1/2"]
[WhiteElo "2521"]
[BlackElo "2620"]
[PlyCount "20"]
[EventDate "2010.01.16"]
[EventType "tourn"]
[EventRounds "1"]
[EventCountry "BRA"]
[EventCategory "8"]
[Source "lmi"]
[SourceDate "2010.01.16"]

1. e4 c6 2. d4 d5 3. Nd2 dxe4 4. Nxe4 Bf5 5. Ng3 Bg6 6. Nf3 Nd7 7. Bd3 e6 8.
O-O Bxd3 9. Qxd3 Ngf6 10. c3 Be7 1/2-1/2

[Event "I Memorial Vanderley Cason Melo"]
[Site "Campinas BRA"]
[Date "2010.01.24"]
[Round "13.7"]
[White "Fier, Alexandr"]
[Black "Mekhitarian, Krikor Sevag"]
[Result "1/2-1/2"]
[WhiteElo "2601"]
[BlackElo "2486"]
[PlyCount "51"]
[EventDate "2010.01.16"]
[EventType "tourn"]
[EventRounds "1"]
[EventCountry "BRA"]
[EventCategory "8"]
[Source "lmi"]
[SourceDate "2010.01.16"]

1. e4 c5 2. Nf3 d6 3. d4 cxd4 4. Nxd4 Nf6 5. Nc3 a6 6. Bg5 e6 7. f4 Nbd7 8. Qf3
Qc7 9. O-O-O b5 10. Bd3 Bb7 11. Rhe1 Be7 12. Qg3 b4 13. Nd5 exd5 14. exd5 Kd8
15. Nc6+ Bxc6 16. dxc6 Nc5 17. Bh4 Rg8 18. Bxh7 Rh8 19. Qxg7 Rxh7 20. Qxf6 Rxh4
21. Qxf7 Rh8 22. Re5 Na4 23. Re6 Nc5 24. Re5 Na4 25. Re6 Nc5 26. Re5 1/2-1/2